Ignite: (Record no. 32196)

000 -LEADER
fixed length control field 00532nam a2200157 4500
008 - FIXED-LENGTH DATA ELEMENTS--GENERAL INFORMATION
fixed length control field 240911b |||||||| |||| 00| 0 eng d
020 ## - INTERNATIONAL STANDARD BOOK NUMBER
International Standard Book Number 9789914766608
050 ## - LIBRARY OF CONGRESS CALL NUMBER
Classification number BF697
Item number .M88 2024
100 ## - MAIN ENTRY--PERSONAL NAME
Personal name Muteti Loice
245 ## - TITLE STATEMENT
Title Ignite:
Remainder of title unleash your inner fire, step out, step up, stand out /
Statement of responsibility, etc. Loice Muteti
260 ## - PUBLICATION, DISTRIBUTION, ETC. (IMPRINT)
Place of publication, distribution, etc. Kenya :
Name of publisher, distributor, etc. House of wealth Publishers.
Date of publication, distribution, etc. 2024
300 ## - PHYSICAL DESCRIPTION
Extent 252p. :
Other physical details ill. ;
Dimensions 21cm
650 ## - SUBJECT ADDED ENTRY--TOPICAL TERM
Topical term or geographic name as entry element Leadership
650 ## - SUBJECT ADDED ENTRY--TOPICAL TERM
Topical term or geographic name as entry element Interpersonal communication
942 ## - ADDED ENTRY ELEMENTS (KOHA)
Source of classification or shelving scheme
Koha item type Africana (Books)
Classification part BF697 .M88 2024
Holdings
Withdrawn status Lost status Source of classification or shelving scheme Damaged status Not for loan Home library Current library Shelving location Date acquired Source of acquisition Total Checkouts Full call number Barcode Date last seen Date last checked out Price effective from Koha item type Checked out
          MACHAKOS UNIVERSITY LIBRARY MACHAKOS UNIVERSITY LIBRARY Open shelf 11/09/2024 Purchase 1 BF697 .M88 2024 40060 15/07/2025 18/06/2025 11/09/2024 Africana (Books)  
          MACHAKOS UNIVERSITY LIBRARY MACHAKOS UNIVERSITY LIBRARY Open shelf 11/09/2024 Purchase 6 BF697 .M88 2024 40061 03/10/2025 03/10/2025 11/09/2024 Hard Covered Materials 18/10/2025
          MACHAKOS UNIVERSITY LIBRARY MACHAKOS UNIVERSITY LIBRARY Open shelf 11/09/2024 Purchase   BF697 .M88 2024 40062 11/09/2024   11/09/2024 Africana (Books)  
© Machakos University Library, Along The Highway, Machakos Wote Rd, Machakos, Kenya P.O. Box 136 - 90100 Machakos - Kenya

Tel: ( +254 ) 723 805829 OR Fax : 044-20353 OR Email: library@mksu.ac.ke